000 00269nam a2200097Ia 4500
008 240331s9999 xx 000 0 und d
082 _bTHA
100 _aThalayasingam,P
245 0 _aDoes inequality matter? :
_bexploring the link between poverty and inequality
942 _cL
999 _c4416
_d4416